| 000 | 00725nam 22002053 4500 | ||
|---|---|---|---|
| 001 | 199271 | ||
| 090 | _a199271 | ||
| 100 | _a20251126d u||y0pory50 ba | ||
| 200 |
_aO mundo que nós perdemos _fPeter Laslett _gtradução de Alexandre Pinheiro Torres, Hermes Serrão |
||
| 210 |
_aLisboa _cCosmos _d1975 |
||
| 215 |
_a333, [5] p. _cencadernado _d23 cm |
||
| 225 |
_aA marcha da humanidade. Secção I, Épocas e áreas de civilizações _h2 |
||
| 606 |
_935 _aSociologia. Demografia.Estatística |
||
| 675 |
_a31 _vPT _zpor |
||
| 700 |
_915167 _aLaslett _bPeter _f1915-2001 |
||
| 702 |
_915168 _aTorres _bAlexandre Pinheiro _f1921-1999 |
||
| 702 |
_915169 _aSerrão _bHermes |
||
| 801 |
_aPT _bBMMN _gRPC |
||
| 830 | _cVanda | ||
| 990 | _cLIVROS | ||